الإحصاء الإستدلالي و تطبيقاته في الحاسوب باستخدام الرزم الإحصائية SPSS / (Record no. 113289)

MARC details
000 -LEADER
fixed length control field 00680nam a22001817a 4500
005 - DATE AND TIME OF LATEST TRANSACTION
control field 20251108174611.0
008 - FIXED-LENGTH DATA ELEMENTS--GENERAL INFORMATION
fixed length control field 250721s2008 xx 000 0 ara d
082 14 - DEWEY DECIMAL CLASSIFICATION NUMBER
Classification number 519.54/مني
100 1# - MAIN ENTRY--PERSONAL NAME
Personal name المنيزل، عبد الله فلاح
Relator term مؤلف
245 10 - TITLE STATEMENT
Title الإحصاء الإستدلالي و تطبيقاته في الحاسوب باستخدام الرزم الإحصائية SPSS /
264 1# - PRODUCTION, PUBLICATION, DISTRIBUTION, MANUFACTURE, AND COPYRIGHT NOTICE
Place of production, publication, distribution, manufacture عمان :
Name of producer, publisher, distributor, manufacturer إثراء للنشر و التوزيع،
Date of production, publication, distribution, manufacture, or copyright notice 2008.
300 ## - PHYSICAL DESCRIPTION
Extent 740 ص.
650 17 - SUBJECT ADDED ENTRY--TOPICAL TERM
Topical term or geographic name as entry element الاحصاا الوصفي
650 17 - SUBJECT ADDED ENTRY--TOPICAL TERM
Topical term or geographic name as entry element الاستدلال الاحصااي
650 17 - SUBJECT ADDED ENTRY--TOPICAL TERM
Topical term or geographic name as entry element البيانات الاحصاايه
942 ## - ADDED ENTRY ELEMENTS (KOHA)
Source of classification or shelving scheme Dewey Decimal Classification
Koha item type Books
Holdings
حالة السحب حالة الفقدان مصدر التصنيف حالة التلف غير قابل للإعارة المكتبة الرئيسية المكتبة الحالية موقع الرف تاريخ التزويد الرقم المتسلسل Total Checkouts رقم الإستدعاء الباركود تاريخ آخر ظهور تاريخ الفاتورة نوع المادة (كوها)
    Dewey Decimal Classification     المكتبة المركزية المكتبة المركزية الإعارة 28/07/2025 1210709   519.54/مني PLD00032297 28/07/2025 28/07/2025 Books
    Dewey Decimal Classification     مكتبة أبو علندا العامة مكتبة أبو علندا العامة الإعارة 04/08/2008 1210719   519.54/مني PLD00032540 28/07/2025 04/08/2008 Books
    Dewey Decimal Classification     مكتبة الأميرة ايمان العامة مكتبة الأميرة ايمان العامة الإعارة 04/08/2008 1210710   519.54/مني PLD00032531 28/07/2025 04/08/2008 Books
    Dewey Decimal Classification     مكتبة الاميرة بديعة مكتبة الاميرة بديعة الإعارة 04/08/2008 1210713   519.54/مني PLD00032534 28/07/2025 04/08/2008 Books
    Dewey Decimal Classification     مكتبة الجويدة مكتبة الجويدة الإعارة 04/08/2008 1210714   519.54/مني PLD00032535 28/07/2025 04/08/2008 Books
    Dewey Decimal Classification     مكتبة الحسن العامة مكتبة الحسن العامة الإعارة 04/08/2008 1210715   519.54/مني PLD00032536 28/07/2025 04/08/2008 Books
    Dewey Decimal Classification     مكتبة حمزة العامة مكتبة حمزة العامة الإعارة 04/08/2008 1210716   519.54/مني PLD00032537 28/07/2025 04/08/2008 Books
    Dewey Decimal Classification     مكتبة صويلح العامة مكتبة صويلح العامة الإعارة 04/08/2008 1210711   519.54/مني PLD00032532 28/07/2025 04/08/2008 Books
Implemented & Customized by: BBB with SCIT (Smart Chains for Information Technology)

Powered by Koha